000 00612nam a22001937a 4500
005 20141128120545.0
010 _aENG-111272
020 _a9789382400141
_c200.00
035 _aEN-94804
037 _bDBAD/PUB
082 _a153.6
100 _aRosenberg, Marshall B.
245 _aNonviolent communication :
_ba language of life /
_cby Marshall B. Rosenberg
260 _aIndore
_bBanyan Tree
_c2014
270 _a1-B Dhenu Market, 2nd Floor
_bIndore
_e452003
300 _axviii, 213p.
_c23cm(pbk)
500 _aIncludes bibliographical references and index
942 _2ddc
_cEN
_mROS
_h153.6
999 _c90120
_d90120